MARC

LEADER 00000nam0a2200000 4500
001 375766
005 20231102012749.0
010 |a 5724502550 
020 |a RU  |b 89-72928 
035 |a (RuTPU)RU\TPU\retro\33205 
035 |a RU\TPU\book\227268 
090 |a 375766 
100 |a 20221221d1989 m y0rusy5003 ca 
101 0 |a rus 
102 |a RU 
105 |a a j 001zy 
200 1 |a Неорганическая химия  |e учебник для среднего специального образования  |f М. М. Петров, Л. А. Михилев, Ю. Н. Кукушкин  |g Под ред. Ю. Н. Кукушкина 
205 |a 4-е изд., перераб. 
210 |a Ленинград  |c Химия  |d 1989 
215 |a 542,[1] с.  |c ил.  |d 21 см 
320 |a Предм. указ.: с. 531-536 
606 1 |a Неорганическая химия  |2 stltpush  |3 (RuTPU)RU\TPU\subj\67586  |9 83311 
610 1 |a учебники 
610 1 |a периодическая система 
610 1 |a периодический закон Менделеева 
610 1 |a химическая связь 
610 1 |a окислительно-восстановительные реакции 
610 1 |a кинетика 
610 1 |a электролиты 
610 1 |a комплексные соединения 
610 1 |a металлы 
610 1 |a благородные газы 
610 1 |a значение 
675 |a 546(075.8)  |z rus  |v 4 
700 1 |a Петров  |b М. М.  |g Михаил Михайлович  |4 070 
701 1 |a Михилев  |b Л. А.  |g Лейба Аронович 
701 1 |a Кукушкин  |b Ю. Н.  |g Юрий Николаевич 
702 1 |a Кукушкин  |b Ю. Н.  |g Юрий Николаевич  |4 340 
801 0 |a RU  |b RuMRKP  |c 19950417  |g psbo 
801 1 |a RU  |b 63413507  |c 20120201 
801 2 |a RU  |b 63413507  |c 20221221  |g RCR 
942 |c BK